Circuits and Networks Analysis Design and Synthesis (Record no. 7081)

MARC details
000 -LEADER
fixed length control field 00304nam a2200121Ia 4500
008 - FIXED-LENGTH DATA ELEMENTS--GENERAL INFORMATION
fixed length control field 191201s2016 xx 000 0 und d
100 ## - MAIN ENTRY--PERSONAL NAME
Personal name SUKHIJA, MS
245 #0 - TITLE STATEMENT
Title Circuits and Networks Analysis Design and Synthesis
260 ## - PUBLICATION, DISTRIBUTION, ETC. (IMPRINT)
Name of publisher, distributor, etc Oxford
Date of publication, distribution, etc 2016
300 ## - PHYSICAL DESCRIPTION
Extent 1000
650 ## - SUBJECT ADDED ENTRY--TOPICAL TERM
Topical term or geographic name as entry element B.Tech(ECE)
942 ## - ADDED ENTRY ELEMENTS (KOHA)
Source of classification or shelving scheme Dewey Decimal Classification
Koha item type Text Books
Holdings
Withdrawn status Lost status Source of classification or shelving scheme Damaged status Not for loan Collection code Home library Current library Date acquired Source of acquisition Cost, normal purchase price Bill Number Total Checkouts Full call number Acc. no. / Barcode Date last seen Date last borrowed Actual Cost, discounted price Bill Date Koha item type
    Dewey Decimal Classification     B.Tech(ECE) PIET C-LIBRARY PIET C-LIBRARY 21/07/2020 Kirti Prakashan 625.00 IN 4536 4 621.3192 SUC 31373 28/02/2024 19/01/2024 425.00 14/08/2019 Text Books
    Dewey Decimal Classification     B.Tech(ECE) PIET C-LIBRARY PIET C-LIBRARY 21/07/2020 Kirti Prakashan 625.00 IN 4536   621.3192 SUC 31374 04/12/2019   425.00 14/08/2019 Text Books
    Dewey Decimal Classification     B.Tech(ECE) PIET C-LIBRARY PIET C-LIBRARY 21/07/2020 Kirti Prakashan 625.00 IN 4536 4 621.3192 SUC 31375 27/06/2024 21/06/2024 425.00 14/08/2019 Text Books

Design & Developed by: PIET Central Library
R70 Miles Stone Pattikalyana Samalkha Panipat 132102
mail ID :- [email protected], Phone No:- 0180-2569700 Ex.216